BIBLIOTECA PODER JUDICIAL
Portal Judicial TDF

Argentina : (Registro nro. 6438)

000 -LEADER
fixed length control field 01261nab a22002537a 4500
003 - CONTROL NUMBER IDENTIFIER
control field OSt
005 - DATE AND TIME OF LATEST TRANSACTION
control field 20260203104309.0
008 - FIXED-LENGTH DATA ELEMENTS--GENERAL INFORMATION
fixed length control field 190429b xxu||||| |||| 00| 0 spa d
040 ## - CATALOGING SOURCE
Transcribing agency PJ
100 ## - MAIN ENTRY--PERSONAL NAME
Personal name Reyes, Analía V.
9 (RLIN) 7065
245 10 - TITLE STATEMENT
Title Argentina :
Remainder of title sistema modelo de juicio por jurados con perspectiva de géneros /
Statement of responsibility, etc Analía V. Reyes.
260 ## - PUBLICATION, DISTRIBUTION, ETC. (IMPRINT)
Date of publication, distribution, etc Ciudad Autónoma de Buenos Aires :
Place of publication, distribution, etc Thomson Reuters La Ley,
Name of publisher, distributor, etc 2023.
300 ## - PHYSICAL DESCRIPTION
Extent p. 110-130
500 ## - GENERAL NOTE
General note Cita Online: AR/DOC/2267/2023.
505 ## - FORMATTED CONTENTS NOTE
Formatted contents note Sumario: I. Planteo del tema: la trascendencia del veredicto del jurado en el caso "M. B.".— II. El fallo de la Corte mendocina que validó las instrucciones con perspectiva de géneros.<br/><br/>
505 ## - FORMATTED CONTENTS NOTE
Formatted contents note Fallo comentado: SC Mendoza, sala II ~ 03/07/2023 ~ F. c. C. R., D. J. s/ homicidio agravado.
505 ## - FORMATTED CONTENTS NOTE
Title Si te interesa el texto completo, solicitalo a koha@justierradelfuego.gov.ar
650 #0 - SUBJECT ADDED ENTRY--TOPICAL TERM
9 (RLIN) 343
Topical term or geographic name as entry element DERECHO PENAL
650 #0 - SUBJECT ADDED ENTRY--TOPICAL TERM
9 (RLIN) 2913
Topical term or geographic name as entry element HOMICIDIO
650 #0 - SUBJECT ADDED ENTRY--TOPICAL TERM
9 (RLIN) 4044
Topical term or geographic name as entry element PERSPECTIVA DE GÉNERO
650 #0 - SUBJECT ADDED ENTRY--TOPICAL TERM
9 (RLIN) 4305
Topical term or geographic name as entry element DERECHO A LA IDENTIDAD DE GÉNERO
773 0# - HOST ITEM ENTRY
Host Biblionumber 2658
Host Itemnumber 3164
Title Revista de derecho penal y criminología. Nº 11 - Diciembre 2023
Place, publisher, and date of publication Ciudad Autónoma de Buenos Aires : Thomson Reuters La Ley, 2017-
International Standard Serial Number 00347914
942 ## - ADDED ENTRY ELEMENTS (KOHA)
Source of classification or shelving scheme
Koha item type Analítica Artículo de Revista

No hay ítems disponibles.

12 de Octubre 789 Ushuaia - Tel:  54(02901)441571
Horario de Atención: 8.00 a 17.00 hs. 
bibliotecaush@justierradelfuego.gov.ar
koha@justierradelfuego.gov.ar
Seguinos en nuestras redes @bibliojustdf 

Con tecnología Koha